01835agaaa2200277 45000010005000000030009000050050017000140070009000310080040000400400023000800410013001031000049001161300078001652450221002432500022004642600144004863000022006305080063006525110088007155200528008035380016013315460013013476500072013607000064014327000061014966073IT-RoPAU20220918181300.0d cvaizq50131s9999||||xx ||| | || ||und|| aIT-RoPAUcIT-RoPAU aITALIANO aGirardi DanielegCodice regista SPICS: 41844 aCAPIRE E VIVERE LA MESSA (2) - LITURGIA EUCARISTICA E RITI DI CONCLUSIONE aCAPIRE E VIVERE LA MESSA (2) - LITURGIA EUCARISTICA E RITI DI CONCLUSIONEcDiretto da: Girardi DanielepCAPIRE E VIVERE LA MESSA (2) - LITURGIA EUCARISTICA E RITI DI CONCLUSIONE (Rif. Codice opera principale : C6073) aEdizione Standard aVICENZA - BG (ITALIA)bCIPIELLE - CENTRO EUCARISTICO / Distribuzione: CIPIELLE AUDIOVISIVOg"1993 (1° ed.: 1993 ; Ed. Lingua Orig.: 1993)" aVHSbsonoro, col. a"Fotografia: Pinato Alberto; Montaggio: Girardi Daniele; " a"Donzelli Giancarlo; Gasparoni Marta; Pretto Ilaria; Vanzo Paolo; Concato Giovanni" aPROSEGUE LA CATECHESI SULLA MESSA ALTERNANDO LA SPIEGAZIONE DEI RITI LITURGICICON FREQUENTI APPLICAZIONI ALLA VITA DEI RAGAZZI. ESSI ORA STANNO FACENDO UN'ESPERIENZA DI GRUPPO CON IL LORO CATECHISTA... MA IL PANE CHE SPEZZANO IL CIBO CHE CONDIVIDONO LE LORO MANI CHE SI INTRECCIANO RICHIAMANO DA VICINO ALTRETTANTI MOMENTI DELLA LITURGIA EUCARISTICA CHE ESSI CON L'AIUTO DELCATECHISTA E LA TESTIMONIANZA DELLA COMUNITA' CRISTIANA IMPARANO A CAPIRE E SOPRATTUTTO DESIDERANO VIVERE. DOCUMENTARIO RELIGIOSO DIDATTICO A COLORI. aPAL, STEREO aITALIANO aDIDATTICOeTV-PROGRAMMI RELIGIOSI [VHS]xCodice MATERIA SPICS: 9963 aCalgaro Ottorino e(soggetto)gCodice Soggetto SPICS: 41843 aGirardi Daniele e(regista)gCodice regista SPICS: 41844